Computational mathematics, modelling, and algorithms (Record no. 63619)

000 -LEADER
fixed length control field 00530nam a22001937a 4500
003 - CONTROL NUMBER IDENTIFIER
control field NUST - PNEC
005 - DATE AND TIME OF LATEST TRANSACTION
control field 20170116180818.0
008 - FIXED-LENGTH DATA ELEMENTS--GENERAL INFORMATION
fixed length control field 150611b xxu||||| |||| 00| 0 eng d
020 ## - INTERNATIONAL STANDARD BOOK NUMBER
International Standard Book Number 9788173194900
040 ## - CATALOGING SOURCE
Transcribing agency LIBRARY
082 ## - DEWEY DECIMAL CLASSIFICATION NUMBER
Classification number 510.4 MIS
100 ## - MAIN ENTRY--PERSONAL NAME
9 (RLIN) 3868
Personal name Misra, J.C.
245 ## - TITLE STATEMENT
Title Computational mathematics, modelling, and algorithms
Statement of responsibility, etc. J.C. Misra
250 ## - EDITION STATEMENT
Edition statement -
260 ## - PUBLICATION, DISTRIBUTION, ETC.
Place of publication, distribution, etc. New Delhi
Name of publisher, distributor, etc. Narosa Publishing House
Date of publication, distribution, etc. c2003.
300 ## - PHYSICAL DESCRIPTION
Extent 516 p. :
650 ## - SUBJECT ADDED ENTRY--TOPICAL TERM
9 (RLIN) 3876
Topical term or geographic name entry element Mathematics Models
General subdivision General
942 ## - ADDED ENTRY ELEMENTS (KOHA)
Source of classification or shelving scheme
Koha item type Book
Holdings
Withdrawn status Lost status Source of classification or shelving scheme Damaged status Not for loan Permanent Location Current Location Shelving location Date acquired Source of acquisition Cost, normal purchase price Total Checkouts Full call number Barcode Date last seen Cost, replacement price Price effective from Koha item type
          Pakistan Navy Engineering College (PNEC) Pakistan Navy Engineering College (PNEC)   04/29/2004 Educational Book Services / Library / Reference Grant 1162.50   510.4 MIS PNECLIB-026472 06/11/2015 1162.50 04/29/2004 Book
© 2023 Central Library, National University of Sciences and Technology. All Rights Reserved.